Central Library OPAC University of Rajshahi

ঝাউয়ের শব্দ / (Record no. 48528)

MARC details
000 -LEADER
fixed length control field 00763nam a2200229 a 4500
001 - CONTROL NUMBER
control field 48528
003 - CONTROL NUMBER IDENTIFIER
rucl marc code BD-RjUL
005 - DATE AND TIME OF LATEST TRANSACTION
control field 20211209054535.0
008 - FIXED-LENGTH DATA ELEMENTS--GENERAL INFORMATION
fixed length control field 160814s1973 bg ||||| |||| 00| 0 ben d
020 ## - INTERNATIONAL STANDARD BOOK NUMBER
Terms of availability :TK. 4.00
035 ## - SYSTEM CONTROL NUMBER
System control number (BD-RjUL)48647
040 ## - CATALOGING SOURCE
Original cataloging agency BD-RjUL
Language of cataloging ben
Transcribing agency BD-RjUL
041 ## - LANGUAGE CODE
Language code of text/sound track or separate title ben
082 ## - DEWEY DECIMAL CLASSIFICATION NUMBER
Edition number 23
Classification number 891.441
Author mark and year MIZ 1973
100 1# - MAIN ENTRY--PERSONAL NAME
Personal name মিত্র, হরপ্রসাদ
9 (RLIN) 144026
245 10 - TITLE STATEMENT
Title ঝাউয়ের শব্দ /
Statement of responsibility, etc. হরপ্রসাদ মিত্র
260 ## - PUBLICATION, DISTRIBUTION, ETC. (IMPRINT)
Place of publication, distribution, etc. কলিকাতা :
Name of publisher, distributor, etc. জ্যোতি প্রকাশন,
Date of publication, distribution, etc. ১৯৭৩
300 ## - PHYSICAL DESCRIPTION
Pagination ৬৯ পৃ ;
Size ২১ সেমি.
650 ## - SUBJECT ADDED ENTRY--TOPICAL TERM
Topical term or geographic name as entry element বাংলা
9 (RLIN) 144027
Form subdivision কবিতা
Topical term or geographic name as entry element Bengali
9 (RLIN) 144028
Form subdivision poem
942 ## - ADDED ENTRY ELEMENTS (KOHA)
Source of classification or shelving scheme Dewey Decimal Classification
Koha item type Books
Holdings
Lost status Source of classification or shelving scheme Damaged status Not for loan Collection code Permanent Location Current Location Shelving location Date acquired Source of acquisition Cost, normal purchase price Total Checkouts Full call number Date last seen Copy number Koha item type
  Dewey Decimal Classification     Non-fiction Central Library, University of Rajshahi Central Library, University of Rajshahi   03/07/1975 Nawroge 4.00   B 891.441 MIZ 1973 14/08/2016 C-2 Books